Cyclisme : Top 20 du Contre la Montre du Championnat du monde 2025 - Statistiques

Statistiques générales
  • Ce quiz a été pris 40 fois
  • Le résultat moyen est 10 sur 20
Statistiques - réponses
Position Pays Représenté Coureur % Correct
1er Belgique Remco Evenepoel
97%
4eme Slovénie Tadej Pogacar
97%
8eme France Bruno Armirail
86%
5eme Mexique Isaac Del Toro
86%
10eme Suisse Stefan Kung
83%
3eme Belgique Ilan Van Wilder
77%
16eme France Paul Seixas
77%
2eme Australie Jay Vine
74%
11eme Espagne Ivan Romeo
49%
9eme Pays-Bas Thymen Arensman
49%
6eme Norvége Andreas Leknessund
43%
7eme Australie Luke Plapp
43%
15eme Italie Mattia Cattaneo
37%
19eme Belgique Florian Vermeersch
34%
13eme Italie Matteo Sobrero
34%
12eme Canada Michael Leonard
23%
18eme Espagne Raul Garcia Pierna
14%
17eme Allemagne Miguel Heidemann
11%
14eme Colombie Walter Vargas
11%
20eme Afrique du Sud Byron Munton
9%
Aucun quiz correspondant
Distribution des résultats
% des personnes avec chaque résultat
Percentile par nombre de réponses
Votre historique - résultats
Vous n’avez pas pris ce quiz